000 00302nam a22001217a 4500
008 170608b xxu||||| |||| 00| 0 eng d
041 _aeng
080 _a32
100 _a18
101 _aSHP
245 _aETHNICITIES COMMUNITY AND MAKING AND CHANGE A POLITICAL
_cLLAHANE.H
942 _2udc
_cBK
999 _c16430
_d16430